000 00501nam a22001697a 4500
999 _c8368
_d8368
008 201117b ||||| |||| 00| 0 eng d
040 _aBMS College of Architecture
100 _aSingri, Rakshita
245 _aCommunity center
300 _aNA
500 _a1BM15AT074
502 _8B,Arch
_NBMS College of Architecture, Visvesvaraya Technological University (VTU)
_aProject report
_d2019
650 _aNA
700 _aAparna Ravichandran
_eGuide
700 _aManohar Walvekar
942 _2ddc
_cTHE